• 首页
  • 本馆介绍
  • 公告通知
  • 最新文献
  • 馆藏检索
  • 电子资源
  • 读者导购
  • 参考咨询
  • 我的图书馆
  • 登录
  • 详细信息显示
  • 放入我的书架
  • 预约/预借图书
  • 作者相关作品
  • 分类相关作品
  • 丛书相关作品
  • 出版社相关作品

书目信息

  • 表格格式
  • 工作单格式
  • 卡片格式
题名:
桥梁与结构理论研究
    
 
作者: 李国豪 著
分册:  
出版信息: 上海   上海科学技术文献出版社  1983
页数: 244页
开本: 25cm
丛书名:
单 册:
中图分类: U443
科图分类:
主题词: 桥梁结构--研究
电子资源:
ISBN:
000 00607nam0 2200229 45
001 0183008404
005 20060810162443.31
010    @dCNY1.94
091    @a15192.231
100    @a19950601d1983 em y0chiy0121 ea
101 0  @achi
102    @aCN@b310000
105    @ay z 000yy
200 10 @a桥梁与结构理论研究@Aqiao liang yu jie gou li lun yan jiu@f李国豪著
210    @a上海@c上海科学技术文献出版社@d1983
215    @a244页@d25cm
606    @a桥梁结构@x研究
690    @aU443@v3
701  0 @a李国豪@Ali guo hao@4著
801  2 @aCN@bNLC@c20060810
801  0 @aCN@bTSSF
905    @a10447@dU443@e163
    
    桥梁与结构理论研究/李国豪著.-上海:上海科学技术文献出版社,1983
    244页;25cm
    
    
    ISBN :CNY1.94
    
●
相关链接 在E读中查询图书 在五车中查询图书 在当当中查询图书 在豆瓣中查询图书


正题名:桥梁与结构理论研究     索取号:U443/163         预约/预借

序号 登录号 条形码 馆藏地/架位号 状态 备注
1 0452024   204520241   密集书库/ [索取号:U443/163] 在馆    
2 0452025   204520250   密集书库/ [索取号:U443/163] 在馆    
3 0452026   204520269   密集书库/ [索取号:U443/163] 在馆    
唐山师范学院图书馆 欢迎您!
大连网信软件有限公司© 版权所有